000 01051nam a2200265 i 4500
001 88900
003 ES-MaACL
005 20230906175951.0
007 t|
008 041229s1998 sp ||||1| spa d
020 _a84-7790-318-2
080 _a959.917 M. (083.824)
080 _a930.85(599:460)(083.824)
245 0 0 _aManila 1571-1898
_b: occidente en oriente : [exposición].
260 _a[Madrid] :
_bCentro de Estudios y Experimentación de Obras Públicas :
_bCentro de Estudios Históricos de Obras Públicas y Urbanismo,
_c[1998]
300 _a317 p. :
_bil. col. y n. ;
_c30 cm.
651 4 _aManila-
_xHistoria-
_vExposiciones.
_99021
651 4 _aFilipinas-
_xCivilización-
_xInfluencia española-
_vExposiciones.
_98655
655 7 _2tgfbne
_9193628
_aCatálogos de exposiciones
710 2 _aCentro de Estudios y Experimentación de Obras Públicas.
_92684
710 2 _aCentro de Estudios Históricos de Obras Públicas y Urbanismo.
_92644
852 _aES-MaACL
_jE-10742
942 _2udc
999 _c88900
_d88900